| Поле | Инд. | ПП | Название | Значение |
|---|---|---|---|---|
| Тип записи | a | |||
| Библиографический уровень | m | |||
| 001 | Контрольный номер | fd8f2f8d-0a4d-428a-9c57-fa6ceb206a12 | ||
| 005 | Дата корректировки | 20140703130016.9 | ||
| 008 | Кодируемые данные | 040622 | ||
| 020 | c | Цена, тираж | б/ц | |
| 040 | a | Служба первич. каталог. | НБ ТвГУ | |
| 041 | a | Код языка текста | rus | |
| 080 | a | Индекс УДК | 882.09-1(043.3) | |
| 084 | a | Индекс другой классификации/Индекс ББК | Ш5(2=411.2)-335я031 | |
| 090 | x | Авторский знак | Д53 | |
| a | Полочн. индекс | Ш5(2=411.2) | ||
| 100 | 1_ | a | Автор | Дмитриев Евгений Владимирович |
| 245 | 10 | a | Заглавие | Фактор адресации в русской поэзии XVIII- начала ХХ вв |
| b | Продолж. заглавия | автореф. дис. ... д-ра филол. наук : 10.01.01 | ||
| c | Ответственность | Междунар. независимый экол.-полит. ун-т, Каф. филологии фак. иностр. яз. | ||
| 260 | 0_ | a | Место издания | Москва |
| b | Издательство | Международный независимый эколого-политологический ун-т | ||
| c | Дата издания | 2003 | ||
| 300 | a | Объем | 38 с. | |
| 504 | a | Библиография | Библиогр.: с.37-38 и в подстроч. примеч. | |
| 583 | a | Действие | Получение впервые 253 02.06.2004 | |
| 650 | a | Основная рубрика | Русская литература | |
| x | Основная подрубрика | История | ||
| y | Хронологическая подрубрика | 18-20 вв. | ||
| x | Основная подрубрика | Поэзия | ||
| 650 | a | Основная рубрика | Русская поэзия | |
| 653 | a | Ключевые слова | Русская литература | |
| a | Ключевые слова | Поэзия | ||
| a | Ключевые слова | Русская поэзия | ||
| a | Ключевые слова | Адресация в поэзии | ||
| a | Ключевые слова | Авторефераты | ||
| 852 | t | Порядковый номер экземпляра | 1 | |
| p | Инвентарный номер | б/н | ||
| 888 | a | Бесплатные | ||
| 930 | a | Новая/Ретро | авторефераты | |
| 952 | p | 253.2004 б/ц 1 б/н | ||
| c | Вид литературы | А/Р н | ||
| 954 | a | Дата поступления на обработку | 20040819 | |
| 999 | a | Подразделение 2 | ч.з. |